Регионална библиотека "Любен Каравелов" - Русе

Сухие цветы (Запис номер 43152)

MARC детайли
000 -Лидер
Контролно поле с фиксирана дължина 01392nam a2200337 c 4500
003 - Код на организацията, давaща контролен номер
Контролно поле BLK
005 - Дата и час на последна редакция
Контролно поле 20180420221428.0
008 - Елементи от данни с фиксирана дължина
fixed length control field 180408b bul|||||r ||||||| ||bul||
010 ## - Наследен системен номер
LC control number KNG00046843000
020 ## - Международен стандартен номер на книга ISBN
Международен стандартен номер на книга ISBN 5-257-00135-7
-- издат.: Росмэн
040 ## - Източник на каталожния запис
Идентификатор на билиотеката - собственик на записа BLK
041 ## - Код за език
Код за езика на текст/звукозапис или на отделно заглавие Руски
Код за езика КДБФ Руски
080 ## - УДК
Текстов определител УДК Подреждане и аранжиране на цветя - Изработване на букети, гирлянди, венци, аранжиране в вази и др. съдове, икебана и др. на сушени растения, семена
УДК код - определител по УДК 745.9
УДК определител
УДК - код + определител 745.9
100 1# - Редна дума - Автор
Автор Барнетт, Фиона
Авторска отговорност първи автор
R(LIN) 36731
139 ## - Редно поле
Редна дума Барнетт, Фиона
Авторски знак Бар - Б 26
245 10 - Сведения за заглавието
Заглавие Сухие цветы
Подзаглавни данни 50 современных композиций из сухих цветов
Редно поле (дума) Фиона Барнетт; съавт. Роджер Эджрикс.
257 ## - Страна на издаване
Страна на създаване/издаване Русия
260 ## - Област на издателските данни
-- Москва
Име на издателя, разпространителя и проч. Росмэн
Година на издаване 1997
300 ## - Физическа характеристика
Страници 96 с
Илюстрации и др. със сн.
Размери/Мащаб 30 см
380 ## - Жанр
Жанр Изкуство
490 1# - СЕРИИ (Колекции)
Име на серия Украсим дом
650 #4 - Допълнително описание по предмет – тема
Основно описание – тема или топоним Букети - аранжиране
9 (RLIN) 149274
653 ## - Ключова дума – ненормативна
Ключова дума цветя
653 ## - Ключова дума – ненормативна
Ключова дума букети
700 1# - Други автори (авторска отговорност)
Лично име Эджрикс, Роджер
Автороска отговорност (Описва отношението между автора и произведението) съавт.
9 (RLIN) 144777
852 ## - Местоположение
Форматна сигнатура Цб ІІ 10322
856 4# - Електронен адрес и достъп
Електронен формат pdf - файл
Път до файла /url/
856 4# - Електронен адрес и достъп
Електронен формат pdf - файл
Път до файла /url/
942 ## - АРТИКУЛИ
Вид на библиотечния материал Книги
Скрит в OPAC Не
944 ## - СЪЗДАВАНЕ И РЕДАКЦИЯ на ЗАПИСА
Създаване/Редакция Създаване
Дата на регистрацията/редакция 01.01.1999
Служител, извършил регистрацията/редакцията AB_DOS
944 ## - СЪЗДАВАНЕ И РЕДАКЦИЯ на ЗАПИСА
Създаване/Редакция Редакция
Дата на регистрацията/редакция 26.06.2015
Служител, извършил регистрацията/редакцията Ирена_Линкова
999 ## - СИСТЕМНИ КОНТРОЛНИ НОМЕРА
Koha biblionumber 43152
Koha biblioitemnumber 43152
Наличности
Код за отписване Код за изгубен артикул Източник на класификационната схема Код за повреда Коз за рестрикции Код за отдаване Артикулен № Име на библиотеката - собственик Име на библиотеката, в която се намира в момента Статус (Текущо местоположение) Дата на вписване в системата Местоположение - отдел Цена в лева Инвентарен номер Систематично азбучна сигнатура Баркод Номер на екземпляра Цена в евро Служебна бележка Служебен тип на артикула
  Не е изгубен Universal Decimal Classification Не е повреден без рестрикции заемане за дома 67887 Регионална библиотека "Любен Каравелов" Русе Регионална библиотека "Любен Каравелов" Русе Отдел Изкуство - подръчен фонд 2001-01-01 Отдел Изкуство - подръчен фонд 0.03 650088 745/Б 26 120000650088 1 0.02 Дата инв: 07.06.2012 Бележки инв: * Книги
Vip Innovations Ltd, Rousse, Bulgaria 2025